Catalog

Record Details

Catalog Search



The peacock emporium  Cover Image Book Book

The peacock emporium / Jojo Moyes.

Moyes, Jojo, 1969- (author.).

Summary:

"Now published in the US for the first time, an early novel by the #1 New York Times bestselling author of Me Before You, After You, and Still Me"-- Provided by publisher.
"Athene Forster embraced the Sixties like few others. Nicknamed the Last Deb, she was spoiled, beautiful, and out of control. And within two years of her marriage, the rumours had begun again. Thirty-five years on, Suzanna Peacock finds refuge from her mother's shameful legacy in her shop, the Peacock Emporium. Within its magical walls she discovers not just friendship, and an escape from her troubled marriage, but the first real passion of her life. But the spectre of her mother still haunts Suzanna, setting in place a series of dramatic events. Only by confronting the past will she finally be able to face the future"-- Provided by publisher.
Athene Forster was spoiled, beautiful, and out of control. Within two years of her marriage, the rumours had begun again. Thirty-five years on, Suzanna Peacock seeks refuge from her mother's shameful legacy. She opens the Peacock Emporium, a coffee bar and shop, in Suffolk. Within its walls she discovers not just friendship, and an escape from her troubled marriage, but the first real passion of her life. But the spectre of her mother still haunts Suzanna, setting in place a series of dramatic events. -- adapted from back cover and perusal of book

Record details

  • ISBN: 9780735222335
  • ISBN: 0735222339
  • Physical Description: 389, 8 pages ; 22 cm
  • Publisher: New York : Penguin Books, 2019.

Content descriptions

General Note:
"First published in Great Britain by Hodder & Stoughton, an imprint of Hachette UK, 2004"--Title page verso.
Subject: Women > Fiction.
Mothers and daughters > Fiction.
Coffee shops > England > Suffolk > Fiction.
Suffolk (England) > Fiction.
FICTION > Contemporary Women.
FICTION > Romance > General.
FICTION > Romance > Contemporary.
Women.
Mothers and daughters.
Coffee shops.
Families > Fiction.
England > Suffolk.
Mother-daughter relationship > Fiction.
Community life > Fiction.
Specialty stores > Fiction.
Restaurants > Fiction.
England > Fiction.
Genre: Romance fiction.
Fiction.
Domestic fiction.
Romance fiction.
Romance fiction.
Romance fiction.
Domestic fiction.
Love stories.

Available copies

  • 1 of 1 copy available at scottsboropl.

Holds

  • 0 current holds with 1 total copy.
Show Only Available Copies
Location Call Number / Copy Notes Barcode Shelving Location Status Due Date
scottsboropl F Moy 32269001180168 Adult - Fiction Available -

LDR 04534cam a2200745 i 4500
001157153
003SBPL
00520211209170512.0
008181207t20192004nyu 000 1 eng
010 . ‡a 2018058360
040 . ‡aDLC ‡beng ‡erda ‡cDLC ‡dOCLCF ‡dMJ8 ‡dAZZPT ‡dRIOSL ‡dJBO ‡dZVR ‡dLIV ‡dYDX ‡dDLC ‡dDV1 ‡dOCLCO ‡dOKX ‡dOCLCO ‡dIDLEW ‡dOCLCO ‡dW8F ‡dOCLCO ‡dFCS ‡dIGA ‡dOCLCO ‡dCTL ‡dOCLCO ‡dB@L ‡dOCLCO ‡dPX9 ‡dLMJ ‡dOCLCO ‡dW8B ‡dJCX ‡dIV7 ‡dSOM ‡dOCLCO ‡dDEERP ‡dLKC ‡dSLPLM ‡dOCLCO ‡dILC ‡dBYV ‡dOCLCO ‡dOCLCQ ‡dANK ‡dOCLCO ‡dMQP ‡dKYC ‡dPAU ‡dOCLCO ‡dPPN ‡dUZA ‡dOCLCO ‡dTXSVP ‡dTXSCH ‡dOCL ‡dALCCP ‡dKD5 ‡dALECL ‡dOCLCO ‡dT2G ‡dOCLCO ‡dOCL ‡dOCLCO ‡dYXF
019 . ‡a1089741182 ‡a1090816082
020 . ‡a9780735222335 ‡q(paperback)
020 . ‡a0735222339
035 . ‡a(OCoLC)1048938501 ‡z(OCoLC)1089741182 ‡z(OCoLC)1090816082
037 . ‡bPenguin Group USA, Attn: Order Processing 405 Murray Hill Pkwy, East Rutherford, NJ, USA, 07073-2136 ‡nSAN 201-3975
042 . ‡apcc
043 . ‡ae-uk-en
05000. ‡aPR6113.O94 ‡bP43 2019
08200. ‡a823/.92 ‡223
084 . ‡aFIC044000 ‡aFIC027000 ‡aFIC027020 ‡2bisacsh
084 . ‡aFIC045000 ‡2bisacsh
1001 . ‡aMoyes, Jojo, ‡d1969- ‡eauthor.
24514. ‡aThe peacock emporium / ‡cJojo Moyes.
264 1. ‡aNew York : ‡bPenguin Books, ‡c2019.
264 4. ‡c©2014
300 . ‡a389, 8 pages ; ‡c22 cm
336 . ‡atext ‡btxt ‡2rdacontent
337 . ‡aunmediated ‡bn ‡2rdamedia
338 . ‡avolume ‡bnc ‡2rdacarrier
500 . ‡a"First published in Great Britain by Hodder & Stoughton, an imprint of Hachette UK, 2004"--Title page verso.
520 . ‡a"Now published in the US for the first time, an early novel by the #1 New York Times bestselling author of Me Before You, After You, and Still Me"-- ‡cProvided by publisher.
520 . ‡a"Athene Forster embraced the Sixties like few others. Nicknamed the Last Deb, she was spoiled, beautiful, and out of control. And within two years of her marriage, the rumours had begun again. Thirty-five years on, Suzanna Peacock finds refuge from her mother's shameful legacy in her shop, the Peacock Emporium. Within its magical walls she discovers not just friendship, and an escape from her troubled marriage, but the first real passion of her life. But the spectre of her mother still haunts Suzanna, setting in place a series of dramatic events. Only by confronting the past will she finally be able to face the future"-- ‡cProvided by publisher.
520 . ‡aAthene Forster was spoiled, beautiful, and out of control. Within two years of her marriage, the rumours had begun again. Thirty-five years on, Suzanna Peacock seeks refuge from her mother's shameful legacy. She opens the Peacock Emporium, a coffee bar and shop, in Suffolk. Within its walls she discovers not just friendship, and an escape from her troubled marriage, but the first real passion of her life. But the spectre of her mother still haunts Suzanna, setting in place a series of dramatic events. -- adapted from back cover and perusal of book
650 0. ‡aWomen ‡vFiction.
650 0. ‡aMothers and daughters ‡vFiction.
650 0. ‡aCoffee shops ‡zEngland ‡zSuffolk ‡vFiction.
651 0. ‡aSuffolk (England) ‡vFiction.
650 7. ‡aFICTION ‡xContemporary Women. ‡2bisacsh
650 7. ‡aFICTION ‡xRomance ‡xGeneral. ‡2bisacsh
650 7. ‡aFICTION ‡xRomance ‡xContemporary. ‡2bisacsh
650 7. ‡aWomen. ‡2fast ‡0(OCoLC)fst01176568
650 7. ‡aMothers and daughters. ‡2fast ‡0(OCoLC)fst01026997
650 7. ‡aCoffee shops. ‡2fast ‡0(OCoLC)fst00866401
650 7. ‡aFamilies ‡xFiction. ‡2fast
651 7. ‡aEngland ‡zSuffolk. ‡2fast ‡0(OCoLC)fst01212535
650 7. ‡aMother-daughter relationship ‡vFiction. ‡2sears
650 7. ‡aCommunity life ‡vFiction. ‡2sears
650 7. ‡aSpecialty stores ‡vFiction. ‡2sears
650 7. ‡aRestaurants ‡vFiction. ‡2sears
651 7. ‡aEngland ‡vFiction. ‡2sears
655 0. ‡aRomance fiction.
655 7. ‡aFiction. ‡2fast ‡0(OCoLC)fst01423787
655 7. ‡aDomestic fiction. ‡2fast ‡0(OCoLC)fst01726589
655 7. ‡aRomance fiction. ‡2fast ‡0(OCoLC)fst01921732
655 7. ‡aRomance fiction. ‡2gsafd
655 7. ‡aRomance fiction. ‡2lcgft
655 7. ‡aDomestic fiction. ‡2lcgft
655 7. ‡aLove stories. ‡2sears
77608. ‡iOnline version: ‡aMoyes, Jojo, 1969- ‡tPeacock emporium. ‡dNew York : Penguin Books, 2019 ‡z9780735222342 ‡w(DLC) 2018058836
938 . ‡aBrodart ‡bBROD ‡n122936981
938 . ‡aYBP Library Services ‡bYANK ‡n15644895
0291 . ‡aAU@ ‡b000065439332
994 . ‡aZ0 ‡bMWL
948 . ‡hNO HOLDINGS IN MWL - 1024 OTHER HOLDINGS
901 . ‡a157153 ‡b ‡c157153 ‡tbiblio

Additional Resources